DO JAKICH DOKUMENTÓW ROBIMY SOBIE ZDJĘCIA? - Statystyki

Ogólne statystyki
  • Ten quiz został rozwiązany 172 razy
  • Średni wynik to 4 z 5
Statystyki odpowiedzi
Odpowiedź % Poprawnych
DOWÓD OSOBISTY
97%
PASZPORT
95%
LEGITYMACJA
92%
PRAWO JAZDY
87%
DYPLOM UCZELNI
2%
Nie znaleziono quizów pasujących do podanych kryteriów
Rozkład punktacji
Procent ludzi z każdym wynikiem
Percentyl według liczby udzielonych odpowiedzi
Twoja historia wyników
Nie rozwiązałeś tego quizu